Vplyv imigrácie z tretích krajín na sociálno-ekonomickú stabilitu členských štátov Európskej únie
Vplyv imigrácie na zamestnanosť a trh práce v prijímajúcich štátoch. Vplyv imigrácie na systém sociálneho zabezpečenia. Vplyv imigrácie na ekonomický rast štátu. Regulárna a neregulárna imigrácia.
Salvato in:
| Autore principale: | |
|---|---|
| Altri autori: | |
| Natura: | Capitolo di libro |
| Lingua: | slovacco |
| Soggetti: | |
| Tags: |
Nessun Tag, puoi essere il primo ad aggiungerne!!
|
MARC
| LEADER | 00000nla a2200000 4500 | ||
|---|---|---|---|
| 001 | 0229406 | ||
| 005 | 20240411153402.3 | ||
| 041 | 0 | |a slo | |
| 044 | |a SK | ||
| 245 | 1 | 0 | |a Vplyv imigrácie z tretích krajín na sociálno-ekonomickú stabilitu členských štátov Európskej únie |c Barbora Olejárová, Peter Čajka |
| 520 | |a Vplyv imigrácie na zamestnanosť a trh práce v prijímajúcich štátoch. Vplyv imigrácie na systém sociálneho zabezpečenia. Vplyv imigrácie na ekonomický rast štátu. Regulárna a neregulárna imigrácia. | ||
| 610 | 2 | 0 | |a migrácia |
| 610 | 2 | 0 | |a migrácia nelegálna |
| 610 | 2 | 0 | |a krajiny tretie |
| 610 | 2 | 0 | |a konkurencieschopnosť |
| 610 | 2 | 0 | |a zabezpečenie sociálne |
| 610 | 2 | 0 | |a zamestnanosť |
| 610 | 2 | 0 | |a zamestnávanie cudzincov |
| 610 | 2 | 0 | |a Európska únia |
| 100 | 1 | |a Olejárová, Barbora | |
| 700 | 1 | |a Čajka, Peter | |